000 00486nam a2200181Ia 4500
001 11076
005 20260306161919.0
008 260306t2017||||xx |||||||||||||| ||spa||
041 _aESP
082 _a985.004
_bM61
100 _aMinisterio de Cultura
_eAUT
245 0 _aMemorias del presente:
_bensayos sobre juventud, violencia y el horizonte democrático
260 _c2017
300 _a245 páginas :
_c24 cm.
650 _aGEN
654 _aCHU
942 _cLIB
_dJUS
_fJUS
_2ddc
_n
999 _c11076
_d11076